Loading...
Literature - World Literature | 1 | 4 | 0 | 1 | 55 | 44 | 110.00 | 1 | 3 |
Auditory Arts | 0 | 3 | 0 | 2 | 30 | 94 | 120.67 | 0 | 1 |
Literature - American Literature | 0 | 3 | 0 | 1 | 30 | 137 | 142.67 | 0 | 1 |
History - European History | 0 | 2 | 0 | 0 | 20 | 104 | 106.00 | 0 | 2 |
Science - Biology | 0 | 2 | 0 | 0 | 20 | 105 | 109.50 | 0 | 2 |
Fine Arts - Other Arts | 0 | 2 | 0 | 0 | 20 | 101 | 115.00 | 0 | 2 |
History - Ancient History | 0 | 2 | 0 | 1 | 20 | 105 | 116.00 | 0 | 1 |
Social Science | 0 | 2 | 0 | 2 | 20 | 127 | 130.00 | 0 | 1 |
History - American History | 0 | 2 | 1 | 1 | 15 | 114 | 122.00 | 0 | 1 |
History - World History | 0 | 2 | 1 | 2 | 15 | 110 | 115.00 | 1 | 1 |
Visual Arts | 0 | 1 | 0 | 1 | 10 | 129 | 129.00 | 0 | 1 |
Literature - European Literature | 0 | 1 | 0 | 1 | 10 | 142 | 142.00 | 0 | 1 |
Other Academic | 0 | 1 | 0 | 1 | 10 | 99 | 99.00 | 0 | 1 |
Science - Chemistry | 0 | 1 | 0 | 0 | 10 | 124 | 124.00 | 0 | 1 |
Science - Physics | 0 | 1 | 1 | 0 | 5 | 79 | 79.00 | 1 | 1 |
History - Other History | 0 | 0 | 0 | 0 | 0 | 0.00 | 0 | 0 | |
Philosophy | 0 | 1 | 2 | 0 | 0 | 127 | 127.00 | 0 | 1 |
Beliefs | 0 | 0 | 1 | 0 | -5 | 0.00 | 0 | 0 | |
Science - Other Science | 0 | 0 | 1 | 0 | -5 | 0.00 | 0 | 0 | |
Geography | 0 | 0 | 1 | 0 | -5 | 0.00 | 0 | 0 |